| 000 | 00556nam a2200193 a 4500 | ||
|---|---|---|---|
| 001 | 10517 | ||
| 003 | CO-ViMGA | ||
| 008 | 141112s2004 ck r 000 u spa d | ||
| 020 | _a8478802800 | ||
| 040 |
_aCO-ViMGA _bspa _cCO-ViMGA |
||
| 082 | 0 | 4 | _a937.6 C17vl |
| 100 | 1 |
_aCarcopino ; Jerome, _914179 |
|
| 245 | 1 | 0 | _aLa Vida Contidiana en Roma en el apogeo del Imperio |
| 260 |
_aMadrid : _bEdiciones Temas de Hoy S.A, _c1993 |
||
| 300 | _a383p. | ||
| 650 | 1 | 4 |
_aROMA - HISTORIA _914180 |
| 650 | 1 | 4 |
_aROMA - VIDA SOCIAL Y COSTUMBRES _914181 |
| 942 |
_2ddc _cBK |
||
| 999 |
_c21843 _d21843 |
||